Role of hyperbaric oxygen in the management of head injury (Record no. 878639)

MARC details
000 -LEADER
fixed length control field 00887nam a2200265Ia 4500
003 - CONTROL NUMBER IDENTIFIER
control field OSt
005 - DATE AND TIME OF LATEST TRANSACTION
control field 20220930085251.0
008 - FIXED-LENGTH DATA ELEMENTS--GENERAL INFORMATION
fixed length control field 220926b |||||||| |||| 00| 0 eng d
037 ## - SOURCE OF ACQUISITION
Terms of availability Theses
040 ## - CATALOGING SOURCE
Original cataloging agency CRL
Transcribing agency CRL
Language of cataloging eng
041 ## - LANGUAGE CODE
Source of code eng
Language code of text/sound track or separate title eng
100 ## - MAIN ENTRY--PERSONAL NAME
Personal name Yadav Amlendu
9 (RLIN) 539849
110 ## - MAIN ENTRY--CORPORATE NAME
Corporate name or jurisdiction name as entry element University of Delhi. Faculty of Medical Sciences. Department of Anaesthesiology
9 (RLIN) 519568
245 #0 - TITLE STATEMENT
Title Role of hyperbaric oxygen in the management of head injury
260 ## - PUBLICATION, DISTRIBUTION, ETC.
Date of publication, distribution, etc. 2007
650 ## - SUBJECT ADDED ENTRY--TOPICAL TERM
Topical term or geographic name entry element ANESTHETICS
9 (RLIN) 519569
700 ## - ADDED ENTRY--PERSONAL NAME
Personal name Dr. L. N. Gupta Gu.
9 (RLIN) 539850
700 ## - ADDED ENTRY--PERSONAL NAME
Personal name Dr. Mridula Pawar Gu.
9 (RLIN) 532741
700 ## - ADDED ENTRY--PERSONAL NAME
Personal name University of Delhi. Faculty of Medical Sciences. Department of Anaesthesiology
9 (RLIN) 519571
942 ## - ADDED ENTRY ELEMENTS (KOHA)
Koha item type Dissertations
Source of classification or shelving scheme Colon Classification (CC)

No items available.

Copyright @ Delhi University Library System